France 100 Caps - Statistics

General Stats
  • This quiz has been taken 275 times
  • The average score is 6 of 9
Answer Stats
Caps Years Active Answer % Correct
123 1997-2010 Thierry Henry
91%
108 1994-2006 Zinedine Zidane
91%
132 2008-Present Hugo Lloris
84%
100 2014-Present Antoine Griezmann
78%
103 1989-2000 Didier Deschamps
63%
110 2011-Present Olivier Giroud
62%
142 1994-2008 Lilian Thuram
61%
107 1997-2009 Patrick Vieira
52%
116 1993-2004 Marcel Desailly
50%
No matching quizzes found
Score Distribution
Percent of People with Each Score
Percentile by Number Answered
Your Score History
You have not taken this quiz